• 首页
  • 本馆介绍
  • 公告通知
  • 最新文献
  • 馆藏检索
  • 电子资源
  • 读者导购
  • 参考咨询
  • 我的图书馆
  • 登录
  • 详细信息显示
  • 放入我的书架
  • 预约/预借图书
  • 作者相关作品
  • 分类相关作品
  • 丛书相关作品
  • 出版社相关作品

书目信息

  • 表格格式
  • 工作单格式
  • 卡片格式
题名:
政治经济学自学指导
    
 
作者: 曹若闲 编写
分册:  
出版信息: 北京   经济科学出版社  1983
页数: 84页
开本: 19cm
丛书名:
单 册:
中图分类: F0
科图分类:
主题词: 政治经济学
电子资源:
ISBN:
000 00754nam0 2200253 45
001 0183002916
005 20050331164259.6
010    @dCNY0.35
091    @a40312.5
100    @a19950404d1983 em y0chiy0121 ea
101 0  @achi
102    @aCN@b110000
105    @ay 000yy
200 10 @a政治经济学自学指导@Azheng zhi jing ji xue zi xue zhi dao@e资本主义部分@EZi Ben Zhu Yi Bu Fen@f曹若闲编写@FCao Ruo Xian Bian Xie
210    @a北京@c经济科学出版社@d1983
215    @a84页@d19cm
300    @a中国人民大学函授学院函授教材
517    @a资本主义部分@AZi Ben Zhu Yi Bu Fen
606 0  @a政治经济学
690    @aF0@v3
701  0 @a曹若闲@4编写
801  0 @aCN@b上海图书馆@c20040423
801  2 @aCN@bNLC@c20040423
905    @dF0@e100@f1@b175183
    
    政治经济学自学指导:资本主义部分/曹若闲编写.-北京:经济科学出版社,1983
    84页;19cm
    中国人民大学函授学院函授教材
    
    ISBN :CNY0.35
    
●
相关链接 在E读中查询图书 在五车中查询图书 在当当中查询图书 在豆瓣中查询图书


正题名:政治经济学自学指导     索取号:F0/100         预约/预借

序号 登录号 条形码 馆藏地/架位号 状态 备注
1 0175182   001268871   密集书库/ [索取号:F0/100] 在馆    
2 0175183   001986122   第一借阅区/ [索取号:F0/100] 在馆    
3 0175184   001268906   第一借阅区/ [索取号:F0/100] 在馆    
4 0175185   001268899   密集书库/ [索取号:F0/100] 在馆    
5 0175186   001268880   第一样本阅览室/ [索取号:F0/100] 在馆    
唐山师范学院图书馆 欢迎您!
大连网信软件有限公司© 版权所有